00584nam a2200193Ia 4500003000900000008004100009020001800050040001600068080001700084245007400101260005000175300001500225490003900240650001400279650001800293650003000311700002300341700002600364IN-BaIIA211028s9999 xx 000 0 eng d a0-7354-0026-1 cIIA Library a524.834bREL 0aRelativistic astrophysicscedited by J. Craig Wheeler and Hugo Martel aMelvillebAmerican Institute of Physicsc2001 axix, 938p. aAIP conference proceedings; v. 586 aCosmology aNeutron stars aRelativistic astrophysics aMartel, Hugo., ed. aWheeler, J Craig, ed.